[Event "KUW-ch"]
[Site "Kuwait"]
[Date "2020.01.27"]
[Round "2"]
[White "Alhejab, Meshal"]
[Black "Alrashidi, Yousef"]
[Result "1-0"]
[WhiteElo "1502"]
[BlackElo "1542"]
[PlyCount "89"]
[EventDate "2020.01.26"]
[EventType "swiss"]
[EventRounds "9"]
[EventCountry "KUW"]
[SourceTitle "CBM 195 Extra"]
[Source "ChessBase"]
[SourceDate "2020.05.31"]
[SourceVersion "1"]
[SourceVersionDate "2020.05.31"]
[SourceQuality "1"]

1. e4 d5 2. exd5 Qxd5 3. Nc3 Qd6 4. Nf3 c6 5. Bc4 Nf6 6. d4 Bg4 7. Be3 e6 8. h3 Bh5 9. g4 Bg6 10. Ne5 Nbd7 11. Bf4 Nxe5 12. dxe5 Qb4 13. exf6 Qxc4 14. Be5 Bb4 15. Qd4 Qxd4 16. Bxd4 Bxc2 17. fxg7 Rg8 18. h4 Be4 19. Rh3 0-0-0 20. Bf6 Rd7 21. a3 Bxc3+ 22. bxc3 Rd5 23. Rd1 h6 24. c4 Rxd1+ 25. Kxd1 Kc7 26. Re3 Bh7 27. Re5 Bg6 28. f4 Kd6 29. c5+ Kd7 30. f5 exf5 31. gxf5 Bh5+ 32. Kc2 Bg4 33. Re7+ Kc8 34. Rxf7 Bxf5+ 35. Kc3 Bh7 36. Be5 b6 37. Rc7+ Kd8 38. Rxc6 Kd7 39. Rxh6 Bf5 40. Rh8 Be6 41. h5 Ke7 42. h6 Kf7 43. h7 Rxg7 44. Bxg7 Kxg7 45. Re8 1-0

[Event "Arab-chT op"]
[Site "Hammamet"]
[Date "2019.03.03"]
[Round "1.1"]
[White "Noah, AH Al Ali"]
[Black "Alrashidi, Yousef"]
[Result "1-0"]
[WhiteElo "2271"]
[BlackElo "1548"]
[PlyCount "37"]
[EventDate "2019.03.03"]
[EventType "team-swiss"]
[EventRounds "7"]
[EventCountry "TUN"]
[SourceTitle "EXT 2024"]
[Source "ChessBase"]
[SourceDate "2023.10.10"]
[SourceVersion "1"]
[SourceVersionDate "2023.10.10"]
[SourceQuality "1"]
[WhiteTeam "Iraq"]
[BlackTeam "Kuwait"]
[WhiteTeamCountry "IRQ"]
[BlackTeamCountry "KUW"]

1. Nf3 Nf6 2. g3 d5 3. Bg2 g6 4. 0-0 Bg7 5. d3 0-0 6. Nbd2 Nc6 7. e4 dxe4 8. dxe4 e5 9. c3 Bg4 10. h3 Bd7 11. Qe2 Qc8 12. Kh2 Nh5 13. Ne1 f5 14. exf5 Bxf5 15. Nd3 Re8 16. Nc5 Bf8 17. Qc4+ Be6 18. Nxe6 Qxe6 19. Bd5 1-0

[Event "KUW-ch"]
[Site "Kuwait"]
[Date "2019.01.26"]
[Round "8"]
[White "Alrashidi, Yousef"]
[Black "Al Hamlan, Faisal"]
[Result "1/2-1/2"]
[WhiteElo "1558"]
[BlackElo "1920"]
[PlyCount "143"]
[EventDate "2019.01.17"]
[EventType "tourn"]
[EventRounds "9"]
[EventCountry "KUW"]
[SourceTitle "CBM 188 Extra"]
[Source "ChessBase"]
[SourceDate "2019.02.26"]
[SourceVersion "1"]
[SourceVersionDate "2019.02.26"]
[SourceQuality "1"]

1. Nf3 d5 2. g3 c5 3. d3 Nc6 4. Bg2 e5 5. 0-0 Nf6 6. Nbd2 h6 7. e4 d4 8. Qe2 Be6 9. c3 Be7 10. Nc4 Qc7 11. cxd4 cxd4 12. Qc2 Nd7 13. Bd2 Rc8 14. Rac1 0-0 15. a3 Qb8 16. Qb1 Nc5 17. b4 Bxc4 18. Rxc4 Nd7 19. Rfc1 Nb6 20. R4c2 a6 21. Bh3 Rcd8 22. b5 axb5 23. Qxb5 Nd7 24. Ba5 Nxa5 25. Qxa5 b6 26. Qb5 Nc5 27. Nd2 Bg5 28. Rb1 Bxd2 29. Rxd2 Rd6 30. Rc2 Qa7 31. a4 Ra8 32. Ra1 Qa6 33. Qxa6 Rxa6 34. a5 Nxd3 35. Bf1 Nc5 36. Bxa6 Nxa6 37. Rb2 bxa5 38. Rxa5 Kh7 39. Rxe5 Nc7 40. Re7 Ne6 41. Rxf7 d3 42. Rb1 Ng5 43. Re7 Rd4 44. e5 d2 45. Rd1 Ne4 46. Rc7 Rd3 47. e6 Kg6 48. e7 Kf7 49. Kf1 Nc3 50. Rxd2 Rxd2 51. e8Q+ Kxe8 52. Rxc3 Kf7 53. h4 Kg6 54. Re3 Kf5 55. Re2 Rd5 56. Kg2 h5 57. f3 g6 58. Re8 Rd2+ 59. Kh3 Rf2 60. g4+ Kf6 61. Kg3 Ra2 62. g5+ Kf7 63. Re4 Ra1 64. Rf4+ Kg7 65. Rb4 Rg1+ 66. Kf4 Rh1 67. Rb7+ Kg8 68. Kg3 Rg1+ 69. Kh2 Rf1 70. Kg2 Re1 71. Rb4 Re2+ 72. Kg3 1/2-1/2

[Event "KUW-ch"]
[Site "Kuwait"]
[Date "2019.01.19"]
[Round "3"]
[White "Maqseed, Nasser"]
[Black "Alrashidi, Yousef"]
[Result "1-0"]
[WhiteElo "1847"]
[BlackElo "1558"]
[PlyCount "67"]
[EventDate "2019.01.17"]
[EventType "tourn"]
[EventRounds "9"]
[EventCountry "KUW"]
[SourceTitle "CBM 188 Extra"]
[Source "ChessBase"]
[SourceDate "2019.02.26"]
[SourceVersion "1"]
[SourceVersionDate "2019.02.26"]
[SourceQuality "1"]

1. d4 Nf6 2. c4 e6 3. Nf3 b6 4. Nc3 Be7 5. e4 d5 6. e5 Ne4 7. Bd3 Bb7 8. cxd5 Nxc3 9. bxc3 Bxd5 10. 0-0 Nd7 11. Qe2 c5 12. Rd1 cxd4 13. cxd4 Qc7 14. Bg5 Qb7 15. Bxe7 Kxe7 16. Ng5 f6 17. Ba6 Qc6 18. Bb5 Qb7 19. exf6+ gxf6 20. Nxe6 Bxe6 21. d5 Nc5 22. Bc6 Qa6 23. Bb5 Qc8 24. dxe6 Qxe6 25. Qf3 Kf7 26. Re1 Ne4 27. Rxe4 Qd6 28. Bc4+ Kf8 29. Re6 Qd4 30. Rxf6+ Kg7 31. Rf7+ Kg6 32. Qf5+ Kh6 33. Rf6+ Kg7 34. Qg5# 1-0

[Event "KUW-ch"]
[Site "Kuwait"]
[Date "2019.01.17"]
[Round "1"]
[White "Alrashidi, Yousef"]
[Black "Alothman, Abdul Wahab"]
[Result "0-1"]
[WhiteElo "1558"]
[BlackElo "1936"]
[PlyCount "82"]
[EventDate "2019.01.17"]
[EventType "tourn"]
[EventRounds "9"]
[EventCountry "KUW"]
[SourceTitle "CBM 188 Extra"]
[Source "ChessBase"]
[SourceDate "2019.02.26"]
[SourceVersion "1"]
[SourceVersionDate "2019.02.26"]
[SourceQuality "1"]

1. e4 e5 2. Nf3 Nc6 3. d4 exd4 4. Nxd4 Nxd4 5. Qxd4 Qf6 6. Be3 Bd6 7. f4 Qxd4 8. Bxd4 f6 9. e5 Bb4+ 10. c3 Be7 11. Be2 d5 12. 0-0 Bd7 13. exf6 Nxf6 14. Nd2 0-0 15. b4 Bd6 16. Be5 Bxe5 17. fxe5 Rae8 18. exf6 Rxe2 19. fxg7 Rxf1+ 20. Nxf1 Kxg7 21. Ng3 Rc2 22. Nh5+ Kh6 23. Nf4 c6 24. Re1 Kg5 25. Re7 Kxf4 26. Rxd7 Rxc3 27. Rf7+ Ke3 28. Re7+ Kd3 29. Rxh7 Kc2 30. Rxb7 d4 31. Rd7 Rc4 32. Kf2 Rxb4 33. g4 d3 34. Ke3 Rb8 35. Rd6 Re8+ 36. Kf4 Rc8 37. Ke3 c5 38. Rf6 Re8+ 39. Kf2 d2 40. Rd6 d1Q 41. Rxd1 Kxd1 0-1

[Event "KUW-ch sf"]
[Site "Kuwait"]
[Date "2018.11.23"]
[Round "7"]
[White "Alrashidi, Yousef"]
[Black "Alshourfaa, Hazaa"]
[Result "0-1"]
[WhiteElo "1539"]
[BlackElo "1759"]
[PlyCount "93"]
[EventDate "2018.11.16"]
[EventType "swiss"]
[EventRounds "9"]
[EventCountry "KUW"]
[SourceTitle "CBM 187 Extra"]
[Source "ChessBase"]
[SourceDate "2018.11.04"]
[SourceVersion "1"]
[SourceVersionDate "2018.11.04"]
[SourceQuality "1"]

1. e4 e6 2. d4 d5 3. exd5 exd5 4. Nc3 c6 5. Nf3 Be7 6. Bd3 Nf6 7. h3 h6 8. 0-0 0-0 9. Ne2 Ne4 10. Bxe4 dxe4 11. Ne5 Nd7 12. Ng3 Nxe5 13. dxe5 Qc7 14. Qh5 Qa5 15. Nxe4 f5 16. Nf6+ Bxf6 17. exf6 Rxf6 18. Be3 c5 19. Qf3 Rc6 20. Rfd1 Be6 21. Qg3 Bf7 22. Rd7 Rg6 23. Qf3 Rd8 24. Qxb7 Rxd7 25. Qxd7 Be6 26. Qd6 Qb4 27. Bxc5 Qe4 28. Qh2 Bd5 29. g3 f4 30. Rf1 fxg3 31. fxg3 Bc4 32. Rd1 Qf3 33. Rd8+ Kh7 34. Bf2 Bd5 35. Re8 Qd1+ 36. Re1 Qxc2 37. Bxa7 Qf5 38. Rf1 Qe4 39. Bf2 Bxa2 40. Qg2 Qd3 41. b4 Bd5 42. Qh2 Rf6 43. g4 Rf3 44. Qe5 Rxh3 45. Be3 Rh1+ 46. Kf2 Qxf1+ 47. Kg3 0-1

[Event "KUW-ch sf"]
[Site "Kuwait"]
[Date "2018.11.18"]
[Round "3"]
[White "Alrashidi, Yousef"]
[Black "Alazmi, Abdulrahman"]
[Result "1-0"]
[WhiteElo "1539"]
[BlackElo "1229"]
[PlyCount "67"]
[EventDate "2018.11.16"]
[EventType "swiss"]
[EventRounds "9"]
[EventCountry "KUW"]
[SourceTitle "CBM 187 Extra"]
[Source "ChessBase"]
[SourceDate "2018.11.04"]
[SourceVersion "1"]
[SourceVersionDate "2018.11.04"]
[SourceQuality "1"]

1. e4 e5 2. Nf3 Nc6 3. Bb5 Nge7 4. c3 h6 5. 0-0 d6 6. d4 Bd7 7. d5 Nb8 8. Qb3 b6 9. Na3 a6 10. Bxd7+ Nxd7 11. Be3 Nf6 12. Nd2 Ng4 13. h3 Nxe3 14. fxe3 Ng6 15. c4 Be7 16. Qa4+ Kf8 17. Qd1 Bg5 18. Nc2 h5 19. Nf3 Bh6 20. Qe1 Qd7 21. Qg3 Ke7 22. Ng5 Raf8 23. Nb4 a5 24. Nc6+ Ke8 25. Nxf7 Rxf7 26. Qxg6 Bxe3+ 27. Kh2 Rh6 28. Qxf7+ Qxf7 29. Rxf7 Kxf7 30. Nd8+ Ke7 31. Ne6 Kd7 32. Nxg7 h4 33. Rf1 Bf4+ 34. Kh1 1-0

[Event "Asia Cup"]
[Site "Abu Dhabi"]
[Date "2016.04.01"]
[Round "5.1"]
[White "Al Mashikhi, Salim Aliyan"]
[Black "Alrashidi, Yousef"]
[Result "1-0"]
[WhiteElo "2088"]
[BlackElo "1631"]
[PlyCount "79"]
[EventDate "2016.03.28"]
[EventType "team-swiss"]
[EventRounds "9"]
[EventCountry "UAE"]
[SourceTitle "CBM 171 Extra"]
[Source "ChessBase"]
[SourceDate "2016.04.26"]
[SourceVersion "1"]
[SourceVersionDate "2016.04.26"]
[SourceQuality "1"]
[WhiteTeam "Oman"]
[BlackTeam "Kuwait"]
[WhiteTeamCountry "OMN"]
[BlackTeamCountry "KUW"]

1. c4 c5 2. Nc3 Nc6 3. g3 g6 4. Bg2 Bg7 5. Nf3 Nf6 6. 0-0 0-0 7. d3 e6 8. Rb1 d5 9. cxd5 exd5 10. e3 h6 11. a3 Be6 12. b4 d4 13. exd4 cxd4 14. Ne2 Bg4 15. b5 Bxf3 16. Bxf3 Ne5 17. Bxb7 Rb8 18. Bg2 Qb6 19. a4 Qc5 20. Qb3 Rfd8 21. Bf4 Nd5 22. Rfc1 Qd6 23. Bd2 Ne7 24. Bb4 Qf6 25. Rc7 Bf8 26. Nf4 Nc8 27. Bxf8 Kxf8 28. Re1 Re8 29. Re4 Nd6 30. Qb4 Rbc8 31. Nd5 Qxf2+ 32. Kxf2 Nxd3+ 33. Kg1 Nxb4 34. Rxe8+ Rxe8 35. Nxb4 Nc8 36. Bd5 Ne7 37. Rxa7 Nxd5 38. Nxd5 d3 39. Nc3 d2 40. Rd7 1-0

[Event "Kuwait Amateur-ch"]
[Site "Kuwait"]
[Date "2016.01.31"]
[Round "8"]
[White "Alajeel, Mohammad"]
[Black "Alrashidi, Yousef"]
[Result "0-1"]
[WhiteElo "1354"]
[BlackElo "1592"]
[PlyCount "123"]
[EventDate "2016.01.23"]
[EventType "swiss"]
[EventRounds "9"]
[EventCountry "KUW"]
[SourceTitle "CBM 170 Extra"]
[Source "ChessBase"]
[SourceDate "2016.02.25"]
[SourceVersion "1"]
[SourceVersionDate "2016.02.25"]
[SourceQuality "1"]

1. d4 Nf6 2. Nf3 d5 3. e3 e6 4. Bd3 Bd6 5. Nbd2 Nc6 6. c3 h6 7. 0-0 e5 8. e4 Bg4 9. Re1 0-0 10. Qb3 Bxf3 11. Nxf3 dxe4 12. Bxe4 Nxe4 13. Rxe4 Rb8 14. Nxe5 Nxe5 15. dxe5 Bc5 16. e6 fxe6 17. Rxe6 Bxf2+ 18. Kh1 Kh8 19. Be3 Bxe3 20. Rxe3 Qd2 21. Rae1 Qxe3 22. Rg1 Qe2 23. h3 Rf2 24. Qa3 a6 25. Qc5 Rc8 26. Qb4 Qxb2 27. Qg4 Rcf8 28. Kh2 Qxc3 29. Rd1 Qe5+ 30. Kg1 Rxa2 31. Qd7 Qe3+ 32. Kh2 Qe2 33. Rg1 Re8 34. Qxc7 Qe5+ 35. Qxe5 Rxe5 36. Rc1 Ree2 37. h4 Rxg2+ 38. Kh3 h5 39. Rc5 Kh7 40. Rxh5+ Kg8 41. Rd5 Rh2+ 42. Kg4 Rag2+ 43. Kf5 Rxh4 44. Rd7 g6+ 45. Kf6 Rf4+ 46. Ke5 Rf7 47. Rd8+ Kg7 48. Rd3 g5 49. Ke6 Re2+ 50. Kd6 g4 51. Rg3 Rf4 52. Kc5 Ref2 53. Kb6 R2f3 54. Rg1 Rb3+ 55. Kc7 a5 56. Rd1 g3 57. Rg1 Rf2 58. Re1 g2 59. Re7+ Rf7 60. Rxf7+ Kxf7 61. Kb8 g1Q 62. Ka8 0-1